| 000 | 01046nam a2200241 a 4500 | ||
|---|---|---|---|
| 001 | 39371 | ||
| 003 | BD-RjUL | ||
| 005 | 20211209052958.0 | ||
| 008 | 160409s2016 bg ||||| |||| 00| s ben d | ||
| 020 |
_a9789849176336 _c: Tk. 180.00 |
||
| 035 | _a(BD-RjUL) 39484 | ||
| 040 |
_aBD-RjUL _bben _cBD-RjUL |
||
| 041 |
_aben _aeng |
||
| 082 |
_223 _a891.445 _bRAD 2016 |
||
| 100 |
_aরাদিচে, উইলিয়াম _9121390 |
||
| 245 | 1 | 0 |
_aদীর্ঘ দুরূহ পথ : _bবাংলা ভাষা ও সাহিত্য নিয়ে পাঁচটি বক্তৃতা / _cউইলিয়াম রাদিচে |
| 260 |
_aঢাকা : _bপ্রথমা প্রকাশন, _c২০১৬ |
||
| 300 |
_a৮৮ পৃ. ; _c২২ সেমি. |
||
| 500 | _aপরিশিষ্ট সংযুক্ত | ||
| 650 |
_aবাংলা বক্তৃতা _9121386 _xসরকার ও রাজনীতি |
||
| 650 |
_aBengali Speeches _9121387 _xPolitics and Government |
||
| 942 |
_2ddc _cBK _02 |
||
| 999 |
_c39371 _d39371 |
||